| Tag |
First Indicator |
Second Indicator |
Subfields |
| LEADER |
00000cam a2200000 4500 |
| 001 |
in00000095023 |
| 005 |
20150927110623.0 |
| 008 |
730301s1958 eng u |
| 010 |
|
|
|a 58011945
|
| 035 |
|
|
|a (OCoLC)00567056
|
| 035 |
|
|
|9 AAL6903AM
|
| 040 |
|
|
|c WSU
|d TXA
|d UtOrBLW
|
| 049 |
|
|
|a TXAM
|c 1 [911848]
|c 2 [301272]
|
| 090 |
|
|
|a TX518.W5
|b A5
|
| 100 |
1 |
|
|a Anderson, Oscar Edward.
|
| 245 |
1 |
4 |
|a The health of a nation ;
|b Harvey W. Wiley and the fight for pure food.
|
| 264 |
|
1 |
|a [Chicago] :
|b Published for the University of Cincinnati by the University of Chicago Press,
|c [1958]
|
| 300 |
|
|
|a 332 pages
|
| 336 |
|
|
|a text
|b txt
|2 rdacontent
|
| 337 |
|
|
|a unmediated
|b n
|2 rdamedia
|
| 338 |
|
|
|a volume
|b nc
|2 rdacarrier
|
| 504 |
|
|
|a Includes bibliography.
|
| 600 |
1 |
0 |
|a Wiley, Harvey Washington,
|d 1844-1930.
|
| 999 |
|
|
|a MARS
|
| 999 |
f |
f |
|s 7dbc70e9-b370-37bc-89c0-635149649511
|i 2bf7968c-f299-3e08-bd8b-7eaf7ae739c8
|t 0
|
| 952 |
f |
f |
|p ric
|a Texas A&M University
|b Rellis Campus
|c Joint Library Facility
|d Remote Storage
|t 0
|e TX518.W5 A5
|h Library of Congress classification
|i unmediated -- volume
|m A14805673376
|
| 998 |
f |
f |
|a TX518.W5 A5
|t 0
|l Remote Storage
|